000
00286nam a22001337a 4500
003
SGT
082
_a
617.643
_b
L17G
100
_a
GUPTA, EKTA
245
_a
LIP AND CHEAK PRESSURE ASSESSMENT
260
_a
SGTU
_c
2017
300
_a
62
650
_a
ORTHODONTICS DENTAL
942
_2
ddc
_c
TH
999
_c
20575
_d
20575